[Event "11th BCC Thailand Open"]
[Site "Pattaya THA"]
[Date "2011.04.11"]
[Round "1.1"]
[White "Erlandsen, Carsten"]
[Black "Vallejo Pons, Francisco"]
[Result "0-1"]
[BlackTitle "GM"]
[WhiteElo "2083"]
[BlackElo "2707"]
[WhiteFideId "1402536"]
[BlackFideId "2205530"]
[EventDate "2011.04.11"]

1. d4 Nf6 2. c4 b6 3. Nc3 Bb7 4. Nf3 e6 5. a3 g6 6. Qc2 c5 7. e3 Bxf3 8. gxf3
cxd4 9. exd4 Bg7 10. Bg5 O-O 11. h4 Nc6 12. O-O-O h6 13. Be3 Rc8 14. Kb1 Na5 15.
Qa4 d6 16. Ne4 d5 17. Nxf6+ Qxf6 18. cxd5 Qxf3 19. Ba6 Qf5+ 20. Ka1 Qxd5 21. h5
g5 22. Bxc8 Rxc8 23. Kb1 Nc4 24. Rhe1 a5 25. Rd3 b5 26. Qd1 Rd8 27. Bc1 Qf5 28.
Qf3 Rxd4 0-1

[Event "11th BCC Thailand Open"]
[Site "Pattaya THA"]
[Date "2011.04.11"]
[Round "1.2"]
[White "Short, Nigel D"]
[Black "Wismeijer, Jeroen"]
[Result "1-0"]
[WhiteTitle "GM"]
[WhiteElo "2676"]
[BlackElo "2083"]
[WhiteFideId "400025"]
[BlackFideId "1005480"]
[EventDate "2011.04.11"]

1. e4 d6 2. Nc3 Nf6 3. f4 e5 4. Nf3 Nbd7 5. Bc4 exf4 6. d4 Nb6 7. Bb3 d5 8. Qe2
Be7 9. Bxf4 O-O 10. O-O c6 11. Rae1 dxe4 12. Nxe4 Nxe4 13. Qxe4 Bf6 14. c3 g6
15. Be5 Bxe5 16. Nxe5 Nd5 17. h4 h5 18. Nxg6 fxg6 19. Qxg6+ 1-0

[Event "11th BCC Thailand Open"]
[Site "Pattaya THA"]
[Date "2011.04.11"]
[Round "1.3"]
[White "Norris, Damian C"]
[Black "Gustafsson, Jan"]
[Result "0-1"]
[WhiteTitle "CM"]
[BlackTitle "GM"]
[WhiteElo "2072"]
[BlackElo "2647"]
[WhiteFideId "11400048"]
[BlackFideId "4625498"]
[EventDate "2011.04.11"]

1. d4 Nf6 2. Nc3 d5 3. Bg5 c6 4. f3 Nbd7 5. e4 dxe4 6. fxe4 e5 7. dxe5 Qa5 8.
Bxf6 gxf6 9. e6 fxe6 10. Bc4 Ne5 11. Bb3 Bb4 12. Ne2 Bd7 13. a3 Bc5 14. Nf4
O-O-O 15. Qe2 Rhe8 16. h3 Bd4 17. Qd2 c5 18. O-O-O Bxc3 19. Qxc3 Qxc3 20. bxc3
c4 21. Ba2 Bc6 22. Rxd8+ Kxd8 23. Rd1+ Ke7 24. Rd4 b5 25. Kd2 Rg8 26. Ke2 Rg3
27. Kd2 a6 28. a4 Ng6 29. axb5 axb5 30. Nxg6+ hxg6 31. e5 fxe5 0-1

[Event "11th BCC Thailand Open"]
[Site "Pattaya THA"]
[Date "2011.04.11"]
[Round "1.4"]
[White "Hansen, Sune Berg"]
[Black "Jayaram, R."]
[Result "1-0"]
[WhiteTitle "GM"]
[WhiteElo "2603"]
[BlackElo "2070"]
[WhiteFideId "1400266"]
[BlackFideId "5019915"]
[EventDate "2011.04.11"]

1. c4 e5 2. g3 Nf6 3. Bg2 g6 4. Nc3 Bg7 5. e4 O-O 6. Nge2 d6 7. d3 Nbd7 8. O-O
a5 9. h3 c6 10. Be3 Qc7 11. Qd2 Nc5 12. f4 b6 13. Rad1 Ba6 14. b3 Rad8 15. f5
gxf5 16. Rxf5 Bc8 17. Rf2 Ne8 18. Rdf1 Ne6 19. g4 Nd4 20. Ng3 f6 21. Nh5 1-0

[Event "11th BCC Thailand Open"]
[Site "Pattaya THA"]
[Date "2011.04.11"]
[Round "1.5"]
[White "Dotsenko, Viacheslav"]
[Black "Bakre, Tejas"]
[Result "0-1"]
[BlackTitle "GM"]
[WhiteElo "2069"]
[BlackElo "2530"]
[WhiteFideId "24124370"]
[BlackFideId "5004195"]
[EventDate "2011.04.11"]

1. d4 Nf6 2. c4 e6 3. Nc3 Bb4 4. e3 c5 5. Ne2 d5 6. a3 Ba5 7. dxc5 dxc4 8. Bd2
Nc6 9. Ng3 Bxc3 10. Bxc3 Qd5 11. Qa4 Qxc5 12. Qxc4 Qe7 13. Qh4 O-O 14. Bd3 h6
15. O-O Nd5 16. Qxe7 Ncxe7 17. Ne2 Rd8 18. Rfd1 Bd7 19. Be1 Ba4 20. Rd2 Rac8 21.
Rc1 Nc6 22. Bc2 Bxc2 23. Rdxc2 Nb6 24. Kf1 e5 25. Nc3 f5 26. Na2 Kf7 27. Nb4 Rd6
28. Ke2 Ke6 29. Nd3 Nd7 30. Nc5+ Nxc5 31. Rxc5 g5 32. f3 Rcd8 33. Rb5 R8d7 34.
Rbc5 Rd5 35. R1c2 h5 0-1

[Event "11th BCC Thailand Open"]
[Site "Pattaya THA"]
[Date "2011.04.11"]
[Round "1.6"]
[White "Kunte, Abhijit"]
[Black "Brunner, Karl"]
[Result "1-0"]
[WhiteTitle "GM"]
[WhiteElo "2526"]
[BlackElo "2063"]
[WhiteFideId "5002265"]
[BlackFideId "1308793"]
[EventDate "2011.04.11"]

1. d4 Nf6 2. c4 e6 3. Nf3 b6 4. g3 Bb7 5. Bg2 Be7 6. O-O O-O 7. Re1 d6 8. Nc3
Nbd7 9. e4 e5 10. h3 Re8 11. Qc2 Bf8 12. Bg5 h6 13. Bd2 g6 14. Rad1 c6 15. Be3
Qc7 16. a3 a6 17. Rc1 Rad8 18. b4 c5 19. Nd5 Qb8 20. bxc5 Nxd5 21. cxd5 dxc5 22.
dxe5 Nxe5 23. Nxe5 Qxe5 24. a4 Rd7 25. Qb3 Rc8 26. Qxb6 c4 27. Bd4 Qd6 28. Qxd6
Bxd6 29. Bc3 Bf8 30. Red1 a5 31. Rb1 Bg7 32. e5 Ba8 33. f4 Bf8 34. d6 Bxg2 35.
Kxg2 f6 36. Re1 fxe5 37. fxe5 Re8 38. Rb5 Ra7 39. Rxa5 Rxa5 40. Bxa5 Ra8 41. Bc7
Kf7 42. e6+ Kf6 43. e7 Bxe7 44. dxe7 Re8 45. Bd8 1-0

[Event "11th BCC Thailand Open"]
[Site "Pattaya THA"]
[Date "2011.04.11"]
[Round "1.7"]
[White "Hirt, Markus"]
[Black "Schebler, Gerhard"]
[Result "0-1"]
[BlackTitle "GM"]
[WhiteElo "2056"]
[BlackElo "2460"]
[WhiteFideId "1302582"]
[BlackFideId "4603338"]
[EventDate "2011.04.11"]

1. e4 c6 2. d4 d5 3. e5 Bf5 4. Nf3 e6 5. Be2 Nd7 6. O-O Ne7 7. c4 dxc4 8. Bxc4
Nb6 9. Bb3 Ned5 10. Nc3 Be7 11. Re1 O-O 12. Ne4 Rc8 13. Bd2 Nd7 14. Rc1 Qb6 15.
h3 Bg6 16. Bc3 Rfd8 17. Qe2 Nxc3 18. bxc3 Qc7 19. g4 c5 20. Rcd1 Nb6 21. h4 Nd5
22. Bxd5 Rxd5 23. Nd6 Bxd6 24. exd6 Qxd6 25. h5 Qf4 26. Ne5 Bxh5 27. gxh5 cxd4
28. cxd4 Rc3 29. Qd2 Qxd2 30. Rxd2 f6 31. Nd3 Rxd4 32. Re3 e5 33. Rd1 Ra3 34.
Nb2 Rxd1+ 35. Nxd1 Rxa2 36. Kg2 Kf7 37. Rc3 Rd2 38. Ne3 Rd7 39. Kf3 g6 40. h6 f5
41. Rc8 Kf6 42. Rg8 b5 43. Ke2 b4 44. Nc4 b3 45. Ke3 Rb7 46. Rf8+ Kg5 47. Nxe5
b2 0-1

[Event "11th BCC Thailand Open"]
[Site "Pattaya THA"]
[Date "2011.04.11"]
[Round "1.8"]
[White "Murshed, Niaz"]
[Black "Chong, Chor Yuen"]
[Result "1-0"]
[WhiteTitle "GM"]
[WhiteElo "2455"]
[BlackElo "2051"]
[WhiteFideId "10200010"]
[BlackFideId "6000320"]
[EventDate "2011.04.11"]

1. d4 Nf6 2. c4 e6 3. Nc3 Bb4 4. Nf3 O-O 5. Bg5 d5 6. e3 c6 7. cxd5 exd5 8. Bd3
Nbd7 9. Qc2 Re8 10. Bxh7+ Kh8 11. Bd3 Qa5 12. O-O Kg8 13. Rfe1 Be7 14. a3 a6 15.
Bf4 Nh5 16. b4 Qb6 17. Bg5 Qd8 18. Bxe7 Qxe7 19. Na4 Rb8 20. Nc5 Nxc5 21. bxc5
Be6 22. Ne5 Rbc8 23. Rab1 Rc7 24. Rf1 Qh4 25. f3 Nf6 26. Qf2 Qxf2+ 27. Kxf2 Nd7
28. Nxd7 Bxd7 29. h4 Bc8 30. Rbe1 Rd8 31. f4 g6 32. Rh1 Kg7 33. h5 Rh8 34. hxg6
Rxh1 35. Rxh1 fxg6 36. Kf3 1-0

[Event "11th BCC Thailand Open"]
[Site "Pattaya THA"]
[Date "2011.04.11"]
[Round "1.9"]
[White "Wee, Chu En Kelvin"]
[Black "Sriram, Jha"]
[Result "0-1"]
[BlackTitle "GM"]
[WhiteElo "2037"]
[BlackElo "2442"]
[WhiteFideId "5802040"]
[BlackFideId "5001668"]
[EventDate "2011.04.11"]

1. e4 Nc6 2. Nf3 d6 3. d4 Bg4 4. c3 Nf6 5. Nbd2 e6 6. Bd3 Be7 7. O-O O-O 8. h3
Bh5 9. Re1 e5 10. Qc2 Bg6 11. dxe5 Nxe5 12. Nxe5 dxe5 13. Nc4 Nd7 14. a4 c6 15.
b4 Qc7 16. Be3 Rfd8 17. Red1 Nf8 18. a5 Ne6 19. Qe2 f6 20. g3 Bf7 21. Rd2 c5 22.
b5 Nf4 23. gxf4 exf4 24. Bxf4 Qxf4 25. Qg4 Bd6 26. Rad1 Qh2+ 27. Kf1 Bf4 28. Ne3
Bxe3 29. fxe3 Qe5 30. Kg1 Kf8 31. Qf5 Qg3+ 32. Kh1 Qxe3 33. Re2 Qg5 34. Qxh7 Qh5
35. Qf5 Qxf5 36. exf5 Bh5 0-1

[Event "11th BCC Thailand Open"]
[Site "Pattaya THA"]
[Date "2011.04.11"]
[Round "1.10"]
[White "Sklyarov, Dmitry V."]
[Black "Laurain, Dominique"]
[Result "1-0"]
[WhiteTitle "FM"]
[WhiteElo "2415"]
[BlackElo "2032"]
[WhiteFideId "4157052"]
[BlackFideId "605883"]
[EventDate "2011.04.11"]

1. Nf3 Nf6 2. g3 b6 3. d3 d5 4. Bg2 Bb7 5. O-O e6 6. Nbd2 Be7 7. a4 c5 8. e4 Nc6
9. Re1 Qc7 10. c3 Rd8 11. e5 Nd7 12. Qe2 h6 13. Nf1 g5 14. g4 d4 15. Ng3 Nf8 16.
Nh5 Ng6 17. c4 Kd7 18. Bd2 a5 19. Rf1 Kc8 1-0

[Event "11th BCC Thailand Open"]
[Site "Pattaya THA"]
[Date "2011.04.11"]
[Round "1.11"]
[White "Attwood, James"]
[Black "Stokke, Kjetil"]
[Result "0-1"]
[BlackTitle "FM"]
[WhiteElo "2019"]
[BlackElo "2407"]
[WhiteFideId "3206688"]
[BlackFideId "1502964"]
[EventDate "2011.04.11"]

1. d4 Nf6 2. c4 g6 3. g3 Bg7 4. Bg2 O-O 5. Nf3 d6 6. O-O Nc6 7. Nc3 Bf5 8. d5
Na5 9. Nd2 c6 10. e4 Bg4 11. Qa4 Bd7 12. Nb3 Nxb3 13. Qxb3 Qa5 14. h3 cxd5 15.
cxd5 b5 16. Bd2 Rfc8 17. Rac1 Rab8 18. Nb1 Qa4 19. Qxa4 bxa4 20. Rxc8+ Bxc8 21.
Bc3 Nd7 22. Rd1 Bxc3 23. bxc3 Rb2 24. a3 Nc5 25. f3 f5 26. e5 dxe5 27. Bf1 e4
28. Bc4 Kg7 29. f4 e3 30. Re1 g5 31. h4 g4 32. Bf1 Ne4 33. Bd3 Nc5 34. Bf1 Kf6
35. c4 Ne4 36. Bd3 Nxg3 37. Rxe3 Nh5 38. Nc3 Nxf4 39. c5 Ng2 40. Re2 Rb3 41. d6
Nf4 42. Rxe7 Rxc3 43. Bb5 Rxc5 44. Bxa4 Be6 45. Rxa7 g3 0-1

[Event "11th BCC Thailand Open"]
[Site "Pattaya THA"]
[Date "2011.04.11"]
[Round "1.12"]
[White "Sorensen, Torben"]
[Black "Nihal, Manjunath"]
[Result "1/2-1/2"]
[WhiteTitle "IM"]
[WhiteElo "2403"]
[BlackElo "2016"]
[WhiteFideId "1400541"]
[BlackFideId "5045738"]
[EventDate "2011.04.11"]

1. Nf3 Nf6 2. c4 g6 3. g3 Bg7 4. Bg2 O-O 5. Nc3 d5 6. cxd5 Nxd5 7. O-O c5 8.
Nxd5 Qxd5 9. d3 Nc6 10. Be3 Qd6 11. Rc1 Bxb2 12. Rxc5 Bg7 13. Qb3 Rb8 14. Rfc1
Be6 15. Qa4 Bd7 16. Qh4 h5 17. Ng5 e5 18. Rd5 Qc7 19. Qc4 Qc8 20. Bc5 Bh6 21.
Bxf8 Bxg5 22. f4 Be6 23. Bd6 exf4 24. Qc5 Bh6 25. Bxb8 f3 26. Rb1 Bxd5 27. Bxf3
Bxa2 28. Rb2 Bg7 29. Qa3 Bxb2 30. Qxb2 Nxb8 1/2-1/2

[Event "11th BCC Thailand Open"]
[Site "Pattaya THA"]
[Date "2011.04.11"]
[Round "1.13"]
[White "Sollid, Stein"]
[Black "Romanov, Alexei"]
[Result "0-1"]
[BlackTitle "IM"]
[WhiteElo "2016"]
[BlackElo "2401"]
[WhiteFideId "1503057"]
[BlackFideId "4173716"]
[EventDate "2011.04.11"]

1. e4 c5 2. Nf3 Nc6 3. d4 cxd4 4. Nxd4 g6 5. Nc3 Bg7 6. Be3 Nf6 7. Bc4 O-O 8.
O-O Nxe4 9. Nxe4 d5 10. Bxd5 Qxd5 11. Nc3 Qc4 12. Qe2 Qxe2 13. Ncxe2 Nb4 14. Bg5
e5 15. Be7 exd4 16. Bxb4 Re8 17. Ng3 Be6 18. Ne4 Bd5 19. Nd6 Re2 20. c4 Bc6 21.
b3 a5 22. Rfe1 d3 0-1

[Event "11th BCC Thailand Open"]
[Site "Pattaya THA"]
[Date "2011.04.11"]
[Round "1.14"]
[White "Yang, Kaiqi"]
[Black "Wee, Chun Jie Eugene"]
[Result "1-0"]
[WhiteTitle "IM"]
[WhiteElo "2399"]
[BlackElo "2015"]
[WhiteFideId "8604398"]
[BlackFideId "5801214"]
[EventDate "2011.04.11"]

1. Nf3 c5 2. e4 e6 3. d4 cxd4 4. Nxd4 a6 5. Bd3 Nf6 6. O-O Qc7 7. Qe2 d6 8. c4
Be7 9. Nc3 Nbd7 10. b3 b5 11. Bb2 bxc4 12. Bxc4 Ne5 13. Rac1 Nxc4 14. Na4 d5 15.
exd5 Nxd5 16. Rxc4 Qb7 17. Nc6 Bf6 18. Ba3 Bd7 19. Rfc1 Bxc6 20. Rxc6 Be7 21.
Bxe7 Nxe7 22. Rc7 Qb5 23. Qb2 Qg5 24. h4 Qf4 25. Qa3 Qf6 26. Nb6 Rd8 27. Nc4 Nf5
28. Qc5 Qd4 29. Qc6+ Kf8 30. Qb7 Qf6 31. Nb6 Qd4 32. Rc8 Ne7 33. Nd7+ Ke8 34.
Rxd8+ Kxd8 35. Nb6 1-0

[Event "11th BCC Thailand Open"]
[Site "Pattaya THA"]
[Date "2011.04.11"]
[Round "1.15"]
[White "Santoshkashyap, HG"]
[Black "Saptarshi, Roy"]
[Result "0-1"]
[BlackTitle "IM"]
[WhiteElo "2003"]
[BlackElo "2395"]
[WhiteFideId "5045410"]
[BlackFideId "5008980"]
[EventDate "2011.04.11"]

1. d4 d5 2. Nf3 e6 3. c4 c6 4. Nc3 dxc4 5. e3 b5 6. a4 Bb4 7. Bd2 a5 8. axb5
Bxc3 9. Bxc3 cxb5 10. b3 Bb7 11. bxc4 b4 12. Bb2 Nf6 13. Bd3 O-O 14. O-O Nbd7
15. Re1 Ne4 16. Qc2 f5 17. Red1 Qc7 18. Qb3 Rf6 19. Nd2 Nxf2 20. Kxf2 Qxh2 21.
d5 Rg6 22. Bf1 Nc5 23. Qc2 exd5 24. Bd4 Ne6 25. Nf3 Qg3+ 26. Ke2 Qxg2+ 27. Bxg2
Rxg2+ 28. Kd3 dxc4+ 29. Qxc4 Be4# 0-1

[Event "11th BCC Thailand Open"]
[Site "Pattaya THA"]
[Date "2011.04.11"]
[Round "1.16"]
[White "Willemze, Thomas"]
[Black "Frederiksen, Erik"]
[Result "1-0"]
[WhiteTitle "IM"]
[WhiteElo "2390"]
[BlackElo "1996"]
[WhiteFideId "1007238"]
[BlackFideId "1438620"]
[EventDate "2011.04.11"]

1. e4 e5 2. Nf3 Nc6 3. Nc3 Nf6 4. Bb5 Bb4 5. O-O O-O 6. d3 Bxc3 7. bxc3 d6 8.
Re1 Ne7 9. d4 Ng6 10. dxe5 dxe5 11. Ba3 Bg4 12. Bxf8 Qxf8 13. h3 Rd8 14. Bd3 Bd7
15. Qb1 Bc6 16. Qb4 a6 17. Rad1 Rd6 18. Nd2 Qe8 19. Nc4 Rd8 20. Na5 h6 21. g3
Nf8 22. Bf1 Rxd1 23. Rxd1 Bxe4 24. Nxb7 Ne6 25. Nc5 Nxc5 26. Qxc5 Bf3 27. Rb1
Qe6 28. Qxc7 e4 29. Qc4 Nd5 30. Qxa6 Qe5 31. Qa7 e3 32. Qb8+ 1-0

[Event "11th BCC Thailand Open"]
[Site "Pattaya THA"]
[Date "2011.04.11"]
[Round "1.17"]
[White "Wiwatanadate, Poompong"]
[Black "Zaw Win Lay"]
[Result "0-1"]
[BlackTitle "GM"]
[WhiteElo "1994"]
[BlackElo "2382"]
[WhiteFideId "6201083"]
[BlackFideId "13000098"]
[EventDate "2011.04.11"]

1. e4 e5 2. f4 exf4 3. Nf3 Ne7 4. d4 d5 5. Nc3 dxe4 6. Nxe4 Nd5 7. Bc4 Be7 8.
O-O Be6 9. Ne5 O-O 10. c3 c6 11. Qe2 Nd7 12. Nxd7 Qxd7 13. Bxf4 Rae8 14. Bd3 f5
15. Ng3 Nxf4 16. Rxf4 Bg5 17. Rff1 Bd5 18. Qc2 g6 19. Rae1 Be3+ 20. Kh1 f4 21.
Ne4 Qg4 22. Rf3 Qe6 23. Nc5 Qe7 24. Rh3 f3 25. Bf1 Qg5 26. Rg3 Qh4 27. Nd7 Bf4
28. Rxe8 Rxe8 29. Rxg6+ Kh8 30. h3 hxg6 0-1

[Event "11th BCC Thailand Open"]
[Site "Pattaya THA"]
[Date "2011.04.11"]
[Round "1.18"]
[White "Palit, Somak"]
[Black "Kananub, Warot"]
[Result "0-1"]
[WhiteTitle "IM"]
[WhiteElo "2378"]
[BlackElo "1989"]
[WhiteFideId "5010454"]
[BlackFideId "6201601"]
[EventDate "2011.04.11"]

1. e4 e5 2. Bc4 Nf6 3. d3 Nc6 4. Nf3 Bc5 5. Bb3 O-O 6. c3 d6 7. Nbd2 Be6 8. h3
h6 9. Nf1 d5 10. Qe2 Re8 11. Ng3 a5 12. O-O d4 13. Bxe6 fxe6 14. c4 Rb8 15. Nh2
Be7 16. f4 exf4 17. Bxf4 e5 18. Bc1 Kh7 19. Nf5 Bf8 20. Ng4 Ng8 21. Ngxh6 Nxh6
22. Bxh6 gxh6 23. Qh5 Qg5 24. Qf7+ Bg7 25. Rf3 Re7 26. Nxe7 Nxe7 27. Qe6 Ng6 28.
Qf5 Qxf5 29. exf5 Nf4 30. Kh2 Bf6 31. g3 Nh5 32. h4 Ng7 33. Kh3 h5 34. Rg1 Kg8
35. b3 Kf7 36. a3 Ne8 37. g4 hxg4+ 38. Rxg4 Ng7 39. b4 a4 40. Rf1 b6 41. Kg3 c6
42. h5 Rh8 43. Rh1 Nxf5+ 44. Kf3 Rh6 45. b5 cxb5 46. cxb5 Nd6 47. Rgg1 Nb7 48.
Ke4 Ke6 49. Rg8 Nc5+ 50. Kf3 Nxd3 51. Rb8 Kf5 52. Rxb6 e4+ 53. Ke2 Nf4+ 54. Kd1
e3 55. Rc6 d3 56. b6 Rh8 57. h6 Bd4 58. h7 Ke4 59. b7 Rxh7 60. Rxh7 e2+ 61. Kd2
Be3+ 62. Kc3 e1=Q+ 63. Kc4 Qb1 64. Re7+ Kf3 65. Rc8 Qb3# 0-1

[Event "11th BCC Thailand Open"]
[Site "Pattaya THA"]
[Date "2011.04.11"]
[Round "1.19"]
[White "Yutithamnon, Surapole"]
[Black "Hopman, Pieter"]
[Result "0-1"]
[WhiteElo "1983"]
[BlackElo "2365"]
[WhiteFideId "6200591"]
[BlackFideId "1005669"]
[EventDate "2011.04.11"]

1. f4 d6 2. Nf3 Bg4 3. e3 e6 4. Be2 Nd7 5. Nc3 c6 6. b3 d5 7. Bb2 Ngf6 8. O-O
Bc5 9. Na4 Bd6 10. c4 a6 11. Ne5 Bxe2 12. Qxe2 O-O 13. Rac1 Qe7 14. Kh1 Rae8 15.
g4 Rd8 16. g5 Ne8 17. Rg1 Nxe5 18. fxe5 Ba3 19. d4 Bb4 20. c5 Kh8 21. Qh5 f6 22.
gxf6 gxf6 23. exf6 Qxf6 24. Rcf1 Qxf1 25. Rxf1 Rxf1+ 26. Kg2 Rf5 27. Qe2 Nf6 28.
Nc3 Rg8+ 29. Kh1 Ng4 30. h3 Rf2 31. hxg4 Rxe2 32. Nxe2 Bd2 33. e4 Rxg4 34. exd5
exd5 35. Kh2 h5 36. Kh3 Kh7 37. Ng3 Kg6 38. Nf1 Bf4 39. Bc3 Kf5 40. Ba5 Ke4 41.
Nd2+ Kd3 42. Nf1 Ke2 43. Nh2 Rg3+ 44. Kh4 Rg2 45. Kxh5 Bxh2 0-1

[Event "11th BCC Thailand Open"]
[Site "Pattaya THA"]
[Date "2011.04.11"]
[Round "1.20"]
[White "West, Guy"]
[Black "Arpijuntarangkoon, Jaradpong"]
[Result "1-0"]
[WhiteTitle "IM"]
[WhiteElo "2360"]
[BlackElo "1977"]
[WhiteFideId "3200086"]
[BlackFideId "6200907"]
[EventDate "2011.04.11"]

1. e4 c5 2. Nf3 e6 3. Nc3 Nc6 4. d4 cxd4 5. Nxd4 Qc7 6. f4 a6 7. Nf3 Bb4 8. Bd3
Nf6 9. e5 Nd5 10. O-O Nxc3 11. bxc3 Bxc3 12. Ba3 Nb4 13. Rb1 a5 14. Ng5 Bd4+ 15.
Kh1 Bc5 16. Ne4 b6 17. Nxc5 bxc5 18. Be4 Ra7 19. c3 Na6 20. Qd3 f5 21. exf6 gxf6
22. f5 O-O 23. Rbe1 Nb8 24. Qe3 Ba6 25. Rf3 exf5 26. Bd5+ Kh8 27. Qe7 Qd8 28.
Rh3 1-0

[Event "11th BCC Thailand Open"]
[Site "Pattaya THA"]
[Date "2011.04.11"]
[Round "1.21"]
[White "Svendsen, Peter"]
[Black "Illner, Achim, Dr."]
[Result "0-1"]
[BlackTitle "FM"]
[WhiteElo "1974"]
[BlackElo "2353"]
[WhiteFideId "1405250"]
[BlackFideId "4615840"]
[EventDate "2011.04.11"]

1. d4 Nf6 2. c4 c5 3. Nf3 e6 4. Nc3 cxd4 5. Nxd4 Bb4 6. Qc2 Qb6 7. e3 Nc6 8. Nb3
O-O 9. Be2 d5 10. cxd5 exd5 11. O-O Be6 12. Rd1 Rac8 13. a3 Bd6 14. Bd2 d4 15.
Nxd4 Nxd4 16. exd4 Bb3 17. Qd3 Bxd1 18. Nxd1 Qc7 19. g3 Qc2 20. Bc3 Qxd3 21.
Bxd3 Rfe8 22. Ne3 Ne4 23. Nd5 Kf8 24. a4 Rcd8 25. Bb5 Re6 26. Ne3 Rf6 27. Ba5 b6
28. Be1 Be7 29. Rd1 a5 30. Bd3 Ng5 31. Be2 Nf3+ 32. Bxf3 Rxf3 33. Kg2 Rf6 34.
Bc3 Rc6 35. d5 Rcc8 36. Nf5 g6 37. Ne3 Bc5 38. Ng4 Bb4 39. Bf6 Rd6 40. Be5 Rdd8
41. Nf6 h5 42. d6 Rc6 43. d7 Be7 44. Ne4 f6 45. Bf4 Kf7 46. Be3 Ke6 47. Kf3 Rxd7
48. Re1 Bb4 49. Re2 Kf7 50. Nd2 Bxd2 51. Bxd2 Rc2 52. Bc3 Rxe2 53. Kxe2 Ke6 0-1

[Event "11th BCC Thailand Open"]
[Site "Pattaya THA"]
[Date "2011.04.11"]
[Round "1.22"]
[White "Lahiri, Atanu"]
[Black "Sivara, Poompat"]
[Result "1-0"]
[WhiteTitle "IM"]
[WhiteElo "2350"]
[BlackElo "1972"]
[WhiteFideId "5002818"]
[BlackFideId "6200443"]
[EventDate "2011.04.11"]

1. d4 Nf6 2. c4 Nc6 3. Nf3 e6 4. Nc3 Bb4 5. e3 O-O 6. Bd3 d5 7. O-O dxc4 8. Bxc4
b6 9. a3 Bxc3 10. bxc3 Bb7 11. Bd3 e5 12. e4 Re8 13. d5 Ne7 14. c4 c6 15. a4
cxd5 16. cxd5 Nexd5 17. exd5 e4 18. Bb5 exf3 19. Bxe8 fxg2 20. Bxf7+ Kxf7 21.
Kxg2 Nxd5 22. Kg1 Qf6 23. Ra3 Kg8 24. Rg3 h6 25. Qb3 Kh8 26. Bb2 Nf4 27. Re1 Qc6
28. f3 Qc5+ 29. Kh1 1-0

[Event "11th BCC Thailand Open"]
[Site "Pattaya THA"]
[Date "2011.04.11"]
[Round "1.24"]
[White "Sanjay, N."]
[Black "Tominski, Norbert"]
[Result "1/2-1/2"]
[WhiteElo "2335"]
[BlackElo "1966"]
[WhiteFideId "5003075"]
[BlackFideId "24635855"]
[EventDate "2011.04.11"]

1. Nf3 d5 2. c4 e6 3. g3 c5 4. cxd5 exd5 5. d4 Nc6 6. Bg2 Nf6 7. O-O cxd4 8.
Nxd4 Bc5 9. Nxc6 bxc6 10. Nc3 O-O 11. Na4 Be7 12. Be3 Qa5 13. Rc1 Ba6 14. Bc5
Bxc5 15. Nxc5 Rfe8 16. b4 Qa3 17. Nxa6 Qxa6 18. e3 Rab8 19. Qb3 Qb5 20. Rfd1 a5
21. bxa5 Qxa5 22. Qc2 Rb6 23. Rd4 Ra8 24. a4 h6 25. h3 Nd7 26. e4 Nf6 27. exd5
cxd5 28. Rcd1 Rb4 29. Rxb4 Qxb4 30. Bxd5 Qxa4 31. Bb3 Qe8 32. Qd3 Rb8 33. Qc4
Rc8 34. Qf4 Rb8 35. Rd3 Ra8 36. Kg2 Ra1 37. Qf3 Qa8 38. Rc3 Qxf3+ 39. Kxf3 Ra7 1/2-1/2

[Event "11th BCC Thailand Open"]
[Site "Pattaya THA"]
[Date "2011.04.11"]
[Round "1.25"]
[White "Lee, T H Bryan"]
[Black "Kojima, Shinya"]
[Result "0-1"]
[BlackTitle "FM"]
[WhiteElo "1964"]
[BlackElo "2329"]
[WhiteFideId "6000584"]
[BlackFideId "7000812"]
[EventDate "2011.04.11"]

1. e4 c6 2. d4 d5 3. Nc3 dxe4 4. Nxe4 Bf5 5. Ng3 Bg6 6. h4 h6 7. Nf3 Nd7 8. h5
Bh7 9. Bd3 Bxd3 10. Qxd3 e6 11. Bf4 Qa5+ 12. Bd2 Bb4 13. c3 Be7 14. c4 Qc7 15.
O-O-O Ngf6 16. Kb1 O-O 17. Ne4 Rfd8 18. Bc3 b5 19. Nxf6+ Nxf6 20. cxb5 cxb5 21.
Qxb5 Rab8 22. Ba5 Rxb5 23. Bxc7 Rdd5 24. Rhe1 Nxh5 25. Re5 Nf6 26. Rc1 g5 27.
Rxd5 Rxd5 28. Be5 Nd7 29. Rc8+ Bf8 30. Rc7 a5 31. g4 Nxe5 32. Nxe5 Rxd4 33. Nxf7
Rxg4 34. Ne5 Rg1+ 35. Kc2 Rg2 36. Nd3 h5 37. Kd2 h4 38. Ke2 h3 39. Rc1 h2 40.
Rh1 Bd6 41. Kf1 Rg4 42. f4 Bxf4 43. Nxf4 Rxf4+ 44. Kg2 Rc4 45. Re1 Rc2+ 46. Kh1
Kf7 47. a4 g4 48. b4 axb4 49. a5 b3 50. a6 Ra2 51. Rb1 g3 52. a7 b2 53. Kg2 Rxa7
54. Kxg3 Ra1 0-1

[Event "11th BCC Thailand Open"]
[Site "Pattaya THA"]
[Date "2011.04.11"]
[Round "1.26"]
[White "Sauravh, Khherdekar"]
[Black "Watharow, Sean"]
[Result "1-0"]
[WhiteTitle "FM"]
[WhiteElo "2324"]
[BlackElo "1964"]
[WhiteFideId "5008646"]
[BlackFideId "3204987"]
[EventDate "2011.04.11"]

1. d4 c5 2. d5 e5 3. e4 d6 4. Bb5+ Nd7 5. a4 a6 6. Be2 Ngf6 7. Nc3 Be7 8. Nf3
Nf8 9. O-O Ng6 10. Nd2 Nf4 11. Nc4 g5 12. Re1 h5 13. Bf1 Bg4 14. f3 Bd7 15. a5
h4 16. Na4 Qc7 17. Nab6 Rd8 18. c3 Bb5 19. Be3 Kf8 20. Rc1 Kg7 21. b4 Nd7 22.
Nxd7 Qxd7 23. Nb6 Qe8 24. bxc5 Bxf1 25. Rxf1 Qb5 26. c4 Qxa5 27. cxd6 Bxd6 28.
c5 Bc7 29. Nc4 Qa2 30. Rf2 1-0

[Event "11th BCC Thailand Open"]
[Site "Pattaya THA"]
[Date "2011.04.11"]
[Round "1.27"]
[White "Darby, Peter"]
[Black "Voigt, Martin"]
[Result "0-1"]
[BlackTitle "FM"]
[WhiteElo "1960"]
[BlackElo "2325"]
[WhiteFideId "6200451"]
[BlackFideId "4607228"]
[EventDate "2011.04.11"]

1. d4 d5 2. Bf4 c5 3. e3 cxd4 4. exd4 Nc6 5. Nf3 Bg4 6. Be2 e6 7. c3 Bd6 8. Ne5
Bxe2 9. Qxe2 Nf6 10. Nd2 O-O 11. h4 Rb8 12. g4 Bxe5 13. dxe5 Nd7 14. h5 d4 15.
Ne4 Ndxe5 16. O-O-O d3 17. Qe3 Qd5 18. h6 f5 19. hxg7 Qxe4 20. gxf8=Q+ Rxf8 21.
Bxe5 Nxe5 22. Qh6 fxg4 23. Qxe6+ Kh8 24. f3 d2+ 0-1